Obálka
Pro půjčování e-knih musíte být přihlášeni.
Jak si půjčit online?

Pohádky /

Pohádky známé z televizního večerníčku, ale také příhody skřítka Nedoubka, který vypadl z kapsy chlapci jménem Doubek.

Uloženo v:
Hlavní autor: Kubátová, Marie, 1922-2013 (Autor)
Další autoři: Šrámek, Jiří, 1920-2004 (Autor)
Médium: E-audiokniha
Jazyk:Czech
Vydáno: Praha : Supraphon, 2020
Témata:
Tagy:
Žádné tagy
LEADER 02238nim a2200529 i 4500
001 313319
003 CZ PrSKC
005 20260601215739.0
007 sd fungnnmmned
008 201201s2020 xr nnnnj z n cze
015 |a cnb003267522 
024 1 |a 099925662028 
028 0 1 |a SU 6620-2  |b Supraphon 
040 |a ABA001  |b cze  |e rda 
072 7 |a 821.162.3-3  |x Česká próza  |2 Konspekt 
072 7 |a 821-93  |x Literatura pro děti a mládež (beletrie)  |2 Konspekt 
080 |a 821.162.3-34  |2 MRF 
080 |a (0:82-34)  |2 MRF 
080 |a (086.7.053.2)  |2 MRF 
080 |a (086.7)08  |2 MRF 
080 |a (086.76)  |2 MRF 
100 1 |a Kubátová, Marie,  |d 1922-2013  |7 jk01070282  |4 aut 
245 1 0 |a Pohádky /  |c Marie Kubátová 
264 1 |a Praha :  |b Supraphon,  |c 2020 
300 |a 1 CD audio (4 hod., 37 min.) ;  |c 12 cm 
306 |a 043700 
336 |a mluvené slovo  |b spw  |2 rdacontent 
337 |a audio  |b s  |2 rdamedia 
338 |a audiodisk  |b sd  |2 rdacarrier 
344 |a digital  |b optical  |2 rda 
347 |a audio soubor  |b CD audio  |2 rda 
500 |a Název z disku 
500 |a Fonogramy jednotlivých nahrávek 1996-1998 Supraphon 
505 0 |a Jak se dal Trautenberk na čáry máry -- Jak Krakonoš vytrestal Trautenberka -- Jak Krakonoš s Trautenberkem vedli válku -- O Nedoubkovi -- Nová dobrodružství skřítka Nedoubka 
508 |a Režie Jiří Šrámek 
511 0 |a V podání různých herců 
520 2 |a Pohádky známé z televizního večerníčku, ale také příhody skřítka Nedoubka, který vypadl z kapsy chlapci jménem Doubek. 
655 7 |a české pohádky  |7 fd133970  |2 czenas 
655 7 |a zvukové záznamy pro děti a mládež  |7 fd186726  |2 czenas 
655 7 |a audioknihy  |7 fd119452  |2 czenas 
655 7 |a kompaktní disky  |7 fd201991  |2 czenas 
700 1 |a Šrámek, Jiří,  |d 1920-2004  |7 jk01130985  |4 drt 
900 |a ABA001  |b 18 
044 |a xr 
910 |a RBIT002 
998 |d 402993  |a https://core.palmknihy.cz/api/books/402993/cover?sbz2zz  |b https://core.palmknihy.cz/api/books/402993/cover/400?sbz2zz  |c https://core.palmknihy.cz/api/books/402993/cover/50?sbz2zz  |e 2099-01-01  |i 099925662028  |l 16608  |q 49  |r 1  |s https://www.palmknihy.cz/kniha/402993  |t audiobook  |y 2020  |z 0 
999 |d 313317